| 000 | 00364nam a22001577a 4500 | ||
|---|---|---|---|
| 003 | SGT | ||
| 020 | _a978-0-470-67248-8 | ||
| 082 | _a617.632,C15L | ||
| 100 | _aLINDHE,JAN | ||
| 245 | _aCLINICAL PERIODONTOLOGY AND IMPLANT DENTISTRY | ||
| 250 | _a6TH | ||
| 260 |
_aU.K _bWILEY-BLACK WELL _c2015 |
||
| 300 | _a816 | ||
| 650 | _aPERIODONTOLOGY | ||
| 942 |
_2ddc _cBK _02 |
||
| 999 |
_c9880 _d9880 |
||